000 00342nam a2200133Ia 4500
008 231129s1985||||xx |||||||||||||| ||spa||
040 _bspa
082 _a940.53 D287s
100 _aDeborin G.
245 0 _aLa segunda guerra mundial : ensayo politico-militar
260 _c1985
264 _aFondo Editorial Suramerica
942 _2ddc
_cBKS
999 _c18192
_d18192